Normal view
MARC view
- Dr Ashish K
Entry Personal Name
001 - CONTROL NUMBER
- control field: 13554
003 - CONTROL NUMBER IDENTIFIER
- control field: OSt
005 - DATE AND TIME OF LATEST TRANSACTION
- control field: 20260421153431.0
008 - FIXED-LENGTH DATA ELEMENTS
- fixed length control field: 260421|| aca||aabn | a|a d
040 ## - CATALOGING SOURCE
- Original cataloging agency: OSt
- Transcribing agency: OSt
100 ## - HEADING--PERSONAL NAME
- Personal name: Dr Ashish K
670 ## - SOURCE DATA FOUND
- Source citation: Work cat.: (OSt)758854: Dr Ashish K., UGC NET/JRF/SET Botany V.3, c2025.
